Gdzie pracuje się w nocy? - Statystyki

Ogólne statystyki
  • Ten quiz został rozwiązany 15 razy
  • Średni wynik to 4 z 8
Statystyki odpowiedzi
Odpowiedź % Poprawnych
Szpitalu
83%
Piekarni
67%
Policji
67%
Straży Pożarnej
67%
Hotelu
50%
Aptece
33%
Stacji Paliw
33%
Taksówce
33%
Nie znaleziono quizów pasujących do podanych kryteriów
Rozkład punktacji
Procent ludzi z każdym wynikiem
Percentyl według liczby udzielonych odpowiedzi
Twoja historia wyników
Nie rozwiązałeś tego quizu